Score 0/7 Timer 03:00
0 Plays Today
Question Answer Wrong Answers
This island, which would later become an Australian state, is first discovered by European explorers.
1642
Tasmania
91.9%
Bathurst
0.8%
Fraser
1.1%
Prince Edward
6.1%
Lee Harvey Oswald, President's John F. Kennedy's assassin, is shot and killed by this man in Dallas.
1963
Jack Ruby
90.1%
J. D. Tippit
2.6%
Jimmy Hoffa
3.3%
Joseph Civello
2.5%
Emmerson Mnangagwa is sworn in as President of this country, after the end of Robert Mugabe's 30-year tenure.
2017
Zimbabwe
84.8%
Liberia
5.9%
Burundi
1.5%
Somalia
5.9%
This Philadelphia Warrior sets the NBA record for rebounds in a game, with 55. Two seasons later he would also set the NBA's all-time single-game scoring record, with 100 points.
1960
Wilt Chamberlain
82.7%
Bill Russell
8%
Oscar Robertson
5.1%
Elgin Baylor
2.8%
This man, best known as the original drummer for The Beatles, is born in Madras, British India.
1941
Pete Best
79.8%
Stuart Sutcliffe
10.6%
Chas Newby
1.1%
George Martin
7.8%
This American actress, well-known for starring as Carol in The Brady Bunch, dies at the age of 82 in Los Angeles.
2016
Florence Henderson
75.5%
Ann B. Davis
5.9%
Maureen McCormick
6.2%
Shirley Jones
10.8%
Black Beauty, a novel by this English author, is published.
1877
Anna Sewell
74.9%
Jack London
8%
Rudyard Kipling
8.1%
Margery Williams
8.4%
Remove Ads.
Support Sporcle.
Get the best of Sporcle when you Go Orange. This ad-free experience offers more features, more stats, and more fun while also helping to support Sporcle. Thank you for becoming a member.

You're not logged in!

Compare scores with friends on all Sporcle quizzes.
OR
Log In

Show Comments

Extras

Top Quizzes Today


Score Distribution

Your Account Isn't Verified!

In order to create a playlist on Sporcle, you need to verify the email address you used during registration. Go to your Sporcle Settings to finish the process.

Report this User

Report this user for behavior that violates our Community Guidelines.

Details: